000 00893nam a2200217 i 4500
001 bg
245 0 0 _aDzieci nade wszystko :
_bświatowa deklaracja w sprawach dzieci. Konwencja o prawach dziecka. Plan działań w sprawie realizacji światowej deklaracji /
_c[Światowy Szczyt w Sprawach Dzieci. Nowy Jork, 30 września 1990 r.].
260 _aWarszawa :
_bPolski Komitet UNICEF. Stowarzyszenie Konwencji Praw Dziecka,
_c1992.
300 _a45, [3] s. ;
_c21 cm.
650 9 _aPrawa dziecka
_xprawo międzynarodowe.
650 9 _aUmowy międzynarodowe
_yod 1989 r.
650 9 _aŚwiatowa Deklaracja w Sprawach Dzieci 1990.
650 9 _aKonwencja Praw Dziecka 1989.
710 2 _aŚwiatowy Szczyt w Sprawach Dzieci ;
_d1990 ;
_cNowy Jork
040 _cBPK
041 0 _apol
044 _aPOL
080 _a341.231.14-053.2
942 _cKS
008 100823s1992 pl a |000 0 pol
999 _c50813
_d50813
856 _uhttp://koha.tu.koszalin.pl/cgi-bin/koha/opac-detail.pl?biblionumber=50813
_yKatalog online BPK